000 01607nam0a2200337 i 4500
001 RU\NLR\BIBL_A\010802467
005 20240921114013.0
010 _a9785170886531
_bАСТ
_93000
021 _aRU
_b2015-44866
_92663
035 _a(NILC)RuMoRGB-007958339
035 _a(NLR Aleph) 010802467
090 _a10167343
_c10167343
100 _a20150715d2015 um y0rusy50 ca
101 1 _arus
_ceng
102 _aRU
105 _aag||z|||000zy
200 1 _aГитара для начинающих
_e[известные песни вместо скучных упражнений, истории успеха известных гитаристов
_eавторская методика, получившая признание миллионов читателей всего мира!]
_fТом Флеминг
_g[пер. с англ. К. С. Захарова]
210 _aМосква
_cАСТ
_cКладезь
_d2015
215 _a143 с.
_cил., цв. ил., нот.
_d29
_e[1] отд. л. цв. ил.
225 1 _aНачальный курс
_dFor beginners
_zeng
300 _aНа обл. : Постер большого формата со всеми аккордами в подарок!
300 _aНа 4-й с. обл. авт.: Том Флеминг - проф. музыкант, преп.
333 _a12+
606 1 _aГитара
_xТехника игры
_92274877
_3RU\NLR\AUTH\661363324
686 1 _aЩ310.715.64-713
700 1 _aФлеминг
_bТ.
_gТом
801 0 _aRU
_bРГБ
_c20150622
_gRCR
942 _cBOOK
980 _aNBR